01104 2200337 4500001002100000005001500021035002000036007000300056008004100059020003800100020003200138040002200170082001700192084001900209090002200228100002300250245012200273300003800395650004300433700002800476700004200504700003000546850001200576504003000588264003000618336002100648337003000669338002300699999002200722990002200744INLIS00000000087373820220922110433 a0010-0922001266ta220922s2021 yoia g ind d a978-623-01-1943-9 (jilid lengkap) a978-623-01-1944-6 (jilid 1) aYOPDYOGbinderda04223a621.3107 a621.3107 AGU p aCB-D.11 2021-37380 aAgus S.epengarang10aProteksi listrik pembangkit SMK/MAK kelas XI /cAgus S., Joko Pramono, Muh. Nur Eli Brahim; penyunting, Venan Anantya ax, 150 halaman :bgambar ;c24 cm 4aTenaga listrik--xStudi dan pengajaran0 aJoko Pramonoepengarang0 aMuh. Nur Eli Brahimd1975-epengarang0 aVenan Anantyaepenyunting aYOPDYOG aBibliografi halaman [145]31aYogyakarta :bAndi,c2021 2rdacontentateks 2rdamediaatanpa perantara 2rdacarrieravolume aCB-D.11/2021-3738 aCB-D.11/2021-3738